Normal view
MARC view
- ادباء عرب-تراجم
Entry Topical Term
001 - CONTROL NUMBER
- control field: 63612
003 - CONTROL NUMBER IDENTIFIER
- control field: JO-AjAnu
005 - DATE AND TIME OF LATEST TRANSACTION
- control field: 20230606084401.0
008 - FIXED-LENGTH DATA ELEMENTS
- fixed length control field: 230606|| aca||aabn | a|a d
040 ## - CATALOGING SOURCE
- Original cataloging agency: JO-AjAnu
- Transcribing agency: JO-AjAnu
150 ## - HEADING--TOPICAL TERM
- Topical term or geographic name entry element: ادباء عرب-تراجم
670 ## - SOURCE DATA FOUND
- Source citation: Work cat.: (JO-AjAnu)32432: الماضي، شكري عزيز وآخرون؛ تقديم غسان اسماعيل هبد الخالق, author 63611, هند ابو الشعر .. اديبة ومؤرخة وموثقة